Normal view
MARC view
- POVEJSIL, DONALD J, WATERMAN, P, RAVEN, R. S
Entry Personal Name
001 - CONTROL NUMBER
- control field: 59016
003 - CONTROL NUMBER IDENTIFIER
- control field: NUST
005 - DATE AND TIME OF LATEST TRANSACTION
- control field: 20210628202242.0
008 - FIXED-LENGTH DATA ELEMENTS
- fixed length control field: 210628|| aca||aabn | a|a d
040 ## - CATALOGING SOURCE
- Original cataloging agency: NUST
- Transcribing agency: NUST
100 ## - HEADING--PERSONAL NAME
- Personal name: POVEJSIL, DONALD J, WATERMAN, P, RAVEN, R. S
670 ## - SOURCE DATA FOUND
- Source citation: Work cat.: (NUST): POVEJSIL, DONALD J, WATERMAN, P, RAVEN, R. S, AIRBORNE RADAR PRINCIPLES OF GUIDED MISSILE DESIGN, 1961
